000 00299nam a2200133Ia 4500
008 240624s9999 xx 000 0 und d
041 _aeng
082 _a823 COB
100 _aCOBEN HARLAN
245 _aLONG LOST
260 _c2009
_aLondon
_bOrion
300 _a356 , p. , 17 , cm.
365 _cRS
999 _c30815
_d30815